Statistical mechanics: an advanced course with problems and solutions

Enregistré dans:
Détails bibliographiques
Auteurs principaux: Kubo, Ryogo (Auteur), Ichimura, Hiroschi (Auteur), Usui, Tsunemaru (Auteur), Hashitsume, Natsuki (Auteur)
Format: Livre
Langue:anglais
Publié: Amsterdam North-Holland 1965
Sujets:
Tags: Ajouter un tag
Pas de tags, Soyez le premier à ajouter un tag!

MARC

LEADER 00000nam a2200000 a 4500
001 UCT1484
003 CL-VaPUC
008 960927e19650000NE |||||||||||||||||eng|d
082 0 4 |a 530.13  |b KUB  |2 21 
100 |a Kubo, Ryogo  |e author  |9 470335 
700 0 |a Ichimura, Hiroschi  |e author  |9 370395 
700 0 |a Usui, Tsunemaru  |e author  |9 370396 
700 0 |a Hashitsume, Natsuki  |e author  |9 370397 
245 1 0 |a Statistical mechanics: an advanced course with problems and solutions 
300 |a 425 p 
942 |c BK 
945 |d 19960927 00:00:00  |a paguirre 
260 |a Amsterdam  |b North-Holland  |c 1965 
650 0 |a Física   |9 227844 
650 0 |a Estática  |9 260452 
650 0 |a Termodinámica   |9 259320 
650 0 |a Mecánica   |9 260096 
650 0 |a Gases  |9 260945 
650 0 |a Estados de la Materia  |9 347141 
583 |a last modification  |c 19960927 00:00:00  |k Rodrigo Vera 
999 |c 251997  |d 251995 
952 |0 0  |1 0  |4 0  |6 530_130000000000000_KUB_1965  |7 0  |8 A  |9 271564  |a BIBCUR  |b BIBCUR  |d 2019-11-19  |i 1750372  |l 3  |m 1  |o 530.13 KUB 1965  |p 1750372  |r 2025-04-22  |s 2024-11-29  |w 2019-11-19  |y BK  |k FIS